Laboratory animal and exotic pet medicine : principles and procedures (Record no. 77738)

MARC details
000 -LEADER
fixed length control field 00897nam a22002897a 4500
003 - CONTROL NUMBER IDENTIFIER
control field CBULib
005 - DATE AND TIME OF LATEST TRANSACTION
control field 20231010135312.0
008 - FIXED-LENGTH DATA ELEMENTS--GENERAL INFORMATION
fixed length control field 230503b |||||||| |||| 00| 0 eng d
020 ## - INTERNATIONAL STANDARD BOOK NUMBER
International Standard Book Number 9780323172998
040 ## - CATALOGING SOURCE
Original cataloging agency CBULib
Transcribing agency CBULib
Language of cataloging English
Description conventions rda
041 ## - LANGUAGE CODE
Language code of text/sound track or separate title eng
050 ## - LIBRARY OF CONGRESS CALL NUMBER
Classification number SF 996.5.S57 Sir
100 1# - MAIN ENTRY--PERSONAL NAME
Personal name Sirois, Margi
9 (RLIN) 330
245 ## - TITLE STATEMENT
Title Laboratory animal and exotic pet medicine : principles and procedures
Statement of responsibility, etc / by Margi Sirois
250 ## - EDITION STATEMENT
Edition statement Second edition
260 ## - PUBLICATION, DISTRIBUTION, ETC. (IMPRINT)
Place of publication, distribution, etc St Louis :
Name of publisher, distributor, etc Elsevier,
Date of publication, distribution, etc 2016
300 ## - PHYSICAL DESCRIPTION
Extent xi, 230 pages : illustrations
336 ## - CONTENT TYPE
Source rdacontent
Content type term Text |
Content type code txt
337 ## - MEDIA TYPE
Source rdamedia
Media type term Unmediated |
Media type code n
338 ## - CARRIER TYPE
Source rdacarrier
Carrier type term Volume
Carrier type code nc
504 ## - BIBLIOGRAPHY, ETC. NOTE
Bibliography, etc Includes index.
650 #0 - SUBJECT ADDED ENTRY--TOPICAL TERM
Topical term or geographic name as entry element WILD ANIMALS AS PETS
9 (RLIN) 331
650 #0 - SUBJECT ADDED ENTRY--TOPICAL TERM
Topical term or geographic name as entry element VETERINARY MEDICINE
9 (RLIN) 325
650 #0 - SUBJECT ADDED ENTRY--TOPICAL TERM
Topical term or geographic name as entry element LABORATORY ANIMALS
9 (RLIN) 332
650 #0 - SUBJECT ADDED ENTRY--TOPICAL TERM
Topical term or geographic name as entry element LABORATORY ANIMALS--DISEASES
9 (RLIN) 333
942 ## - ADDED ENTRY ELEMENTS (KOHA)
Koha item type MONOGRAPH
Source of classification or shelving scheme
Holdings
Withdrawn status Lost status Source of classification or shelving scheme Damaged status Not for loan Collection code Permanent Location Current Location Shelving location Date acquired Source of acquisition Cost, normal purchase price Full call number Barcode Date last seen Copy number Cost, replacement price Price effective from Koha item type
          Main Library Open Access Collection CBU-MAIN LIBRARY, KITWE. CBU-MAIN LIBRARY, KITWE. General Stacks 05/03/2023 DON-BOOKAID 232.70 SF 996.5.S57 Sir 752038 05/03/2023 2 279.24 05/03/2023 MONOGRAPH
          Mpika Library Collection CBU-MPIKA LIBRARY, MPIKA CAMPUS. CBU-MAIN LIBRARY, KITWE. General Stacks 05/10/2023 DON-BOOKAID   SF 996.5.S57 Sir 752037 05/10/2023 1   05/10/2023 MONOGRAPH